Caricamento...
Microscopical methods /
| Autore principale: | |
|---|---|
| Altri autori: | |
| Lingua: | Undetermined |
| Pubblicazione: |
New Delhi :
anmol pub.p.ltd ,
1998.
|
| Serie: | Encyclopaedia of laboratory techniques series
|
| LEADER | 00515nam a2200157Ia 4500 | ||
|---|---|---|---|
| 001 | 22557 | ||
| 008 | 170722s9999 xx 000 0 und d | ||
| 100 | |a Prakash, M. | ||
| 245 | |a Microscopical methods / | ||
| 260 | |a New Delhi : |b anmol pub.p.ltd , |c 1998. | ||
| 300 | |a 241 p. |c 25cms | ||
| 490 | |a Encyclopaedia of laboratory techniques series | ||
| 700 | |a Arora, Ck | ||
| 942 | |c GEN | ||
| 999 | |c 118803 |d 118803 | ||
| 952 | |0 0 |1 0 |4 0 |6 G_19_N8 |7 0 |9 168058 |a LIB |b LIB |d 2017-08-12 |l 2 |o G:19 N8 |p 233029 |r 2018-07-27 |s 2018-07-05 |w 2017-08-12 |y GEN | ||